[Event "24th Klatovy A 2016"]
[Site "Klatovy CZE"]
[Date "2016.07.03"]
[Round "2.34"]
[White "Dungl, Petr"]
[Black "Vevera, Radek"]
[Result "1/2-1/2"]
[WhiteElo "1902"]
[BlackElo "2000"]
[PlyCount "47"]
[EventDate "2016.07.02"]
[EventType "swiss"]
[EventRounds "9"]
[EventCountry "CZE"]

1. d4 Nf6 2. c4 d6 3. Nc3 g6 4. e4 Bg7 5. f4 O-O 6. Nf3 c5 7. d5 e6 8. Be2 exd5 9. cxd5 b5 10. e5 dxe5 11. fxe5 Ng4 12. Bg5 Qa5 13. O-O Nxe5 14. Be7 Re8 15. d6 Nbc6 16. Nxe5 Nxe5 17. Nxb5 Bb7 18. Nc7 Rxe7 19. Nxa8 Rd7 20. Nc7 c4 21. Kh1 Nd3 22. Bxd3 Rxd6 23. Qe1 Qxc7 24. Bc2 1/2-1/2

[Event "24th Klatovy A 2016"]
[Site "Klatovy CZE"]
[Date "2016.07.03"]
[Round "2.35"]
[White "Cekan, Petr1"]
[Black "Kantor, Jozef"]
[Result "1-0"]
[WhiteElo "1993"]
[BlackElo "1880"]
[PlyCount "69"]
[EventDate "2016.07.02"]
[EventType "swiss"]
[EventRounds "9"]
[EventCountry "CZE"]

1. e4 c5 2. Nc3 d6 3. f4 Nf6 4. Nf3 e6 5. Bb5+ Bd7 6. Bc4 Qa5 7. a4 a6 8. Ra3 Be7 9. e5 Ng4 10. exd6 Bxd6 11. O-O O-O 12. Ng5 Nf6 13. Nce4 Nxe4 14. Nxe4 Be7 15. Qh5 Bc6 16. Ng5 Bxg5 17. fxg5 Be4 18. Rh3 Qc7 19. Bd3 Qe5 20. Re3 f5 21. Bxe4 fxe4 22. Rxf8+ Kxf8 23. Qxh7 Qf5 24. Qh8+ Kf7 25. d3 Qg4 26. g6+ Qxg6 27. Rxe4 e5 28. Qc8 Qc6 29. Qf5+ Kg8 30. Rxe5 Nd7 31. Re7 Nf6 32. Bh6 Re8 33. Rxg7+ Kh8 34. Qg6 Qe6 35. Rh7+ 1-0

[Event "24th Klatovy A 2016"]
[Site "Klatovy CZE"]
[Date "2016.07.03"]
[Round "2.36"]
[White "Sysel, Jaroslav"]
[Black "Novy, Daniel"]
[Result "1/2-1/2"]
[WhiteElo "1879"]
[BlackElo "1987"]
[PlyCount "58"]
[EventDate "2016.07.02"]
[EventType "swiss"]
[EventRounds "9"]
[EventCountry "CZE"]

1. e4 c5 2. c4 Nc6 3. Nc3 g6 4. g3 Bg7 5. Bg2 d6 6. d3 Nf6 7. Nge2 O-O 8. O-O Ne8 9. Be3 f5 10. d4 cxd4 11. Nxd4 Nxd4 12. Bxd4 e5 13. Be3 f4 14. Bc1 Be6 15. Nd5 g5 16. f3 h5 17. Rb1 Nf6 18. Nxf6+ Rxf6 19. b3 Qb6+ 20. Kh1 Bxc4 21. Be3 fxe3 22. bxc4 Qd4 23. Qb3 e2 24. Rfe1 g4 25. Rxe2 gxf3 26. Bxf3 Raf8 27. Bg2 R8f7 28. Rd1 Qc5 29. Rde1 Kh7 1/2-1/2

[Event "24th Klatovy A 2016"]
[Site "Klatovy CZE"]
[Date "2016.07.03"]
[Round "2.37"]
[White "Skopec, Lubos"]
[Black "Kostelecky, Daniel"]
[Result "0-1"]
[WhiteElo "1985"]
[BlackElo "1862"]
[PlyCount "78"]
[EventDate "2016.07.02"]
[EventType "swiss"]
[EventRounds "9"]
[EventCountry "CZE"]

1. e4 g6 2. d4 Bg7 3. f4 d6 4. Nf3 Nd7 5. Nc3 e5 6. Be3 Ne7 7. Bd3 O-O 8. O-O Nc6 9. Ne2 Nf6 10. h3 Re8 11. fxe5 dxe5 12. d5 Nb4 13. c4 c6 14. Bb1 cxd5 15. cxd5 Qd6 16. Qd2 Bd7 17. a3 Na6 18. b4 b6 19. Bd3 Nc7 20. Rac1 Rac8 21. Nc3 Nh5 22. Nh2 Rf8 23. g4 Nf6 24. Rc2 h5 25. g5 Nfe8 26. h4 Qe7 27. Qe2 Nd6 28. Nf3 Qe8 29. Qg2 Ncb5 30. Nxb5 Nxb5 31. Bxb5 Bxb5 32. Rxc8 Qxc8 33. Rc1 Qd7 34. Qg3 Bd3 35. Nd2 Rc8 36. Rxc8+ Qxc8 37. Kh2 Qc3 38. Qh3 Bf8 39. Qd7 Be2 0-1

[Event "24th Klatovy A 2016"]
[Site "Klatovy CZE"]
[Date "2016.07.03"]
[Round "2.38"]
[White "Ruzicka, Ondrej"]
[Black "Hlavac, Rudolf"]
[Result "1/2-1/2"]
[WhiteElo "1863"]
[BlackElo "1983"]
[PlyCount "37"]
[EventDate "2016.07.02"]
[EventType "swiss"]
[EventRounds "9"]
[EventCountry "CZE"]

1. e4 c5 2. Nf3 Nc6 3. d4 cxd4 4. Nxd4 Nf6 5. Nc3 e5 6. Ndb5 d6 7. Nd5 Nxd5 8. exd5 Ne7 9. c4 Nf5 10. Bd3 Be7 11. O-O O-O 12. f4 f6 13. Qc2 g6 14. Kh1 a6 15. Nc3 Nd4 16. Qf2 Bf5 17. Bxf5 Nxf5 18. g4 Ng7 19. f5 1/2-1/2

[Event "24th Klatovy A 2016"]
[Site "Klatovy CZE"]
[Date "2016.07.03"]
[Round "2.39"]
[White "Hajek, Jiri2"]
[Black "Lhotsky, Zdenek"]
[Result "0-1"]
[WhiteElo "1981"]
[BlackElo "1853"]
[PlyCount "162"]
[EventDate "2016.07.02"]
[EventType "swiss"]
[EventRounds "9"]
[EventCountry "CZE"]

1. e4 c5 2. Nf3 d6 3. Bb5+ Bd7 4. Bxd7+ Nxd7 5. c4 Ngf6 6. Nc3 g6 7. d4 cxd4 8. Nxd4 Bg7 9. Be3 Rc8 10. b3 Qa5 11. Bd2 Nxe4 12. Nxe4 Qe5 13. Qe2 Qxd4 14. Rd1 Qb6 15. O-O O-O 16. Rfe1 Rfe8 17. Nc3 Nf6 18. Be3 Qa5 19. Rd3 Ng4 20. Bd2 Qh5 21. Rh3 Qf5 22. Nd5 Ne5 23. Bc3 e6 24. Nb4 Qg5 25. Rd1 Qe7 26. Qb2 Qc7 27. Bd4 Bf8 28. Rc1 Nc6 29. Nxc6 Qxc6 30. Bf6 e5 31. Rcc3 Be7 32. Rcf3 Bxf6 33. Rxf6 Qe4 34. Re3 Qc6 35. Rd3 Re6 36. Rxe6 fxe6 37. Qd2 d5 38. h4 dxc4 39. Rd6 Qc5 40. bxc4 Qxc4 41. Rd7 Qc1+ 42. Qxc1 Rxc1+ 43. Kh2 Rb1 44. Kg3 a5 45. a4 b6 46. Rb7 h5 47. Kf3 Rb4 48. g3 Rxa4 49. Rxb6 Kf7 50. Ra6 Kf6 51. Ra8 Ra2 52. Rf8+ Kg7 53. Ra8 a4 54. Ke4 Rxf2 55. Rxa4 Re2+ 56. Kf3 Rd2 57. Ke3 Rd4 58. Ra8 Rg4 59. Kf2 e4 60. Ra3 Kf6 61. Rb3 Ke5 62. Ra3 Kd4 63. Ra4+ Kc3 64. Ra3+ Kc4 65. Re3 Kd4 66. Ra3 g5 67. hxg5 Rxg5 68. Ke2 Rf5 69. Ra4+ Ke5 70. Ra8 Rf3 71. Rg8 Rf6 72. Rh8 Rf5 73. Rg8 Kd4 74. Rg6 Rf3 75. Rg5 Ra3 76. Rxh5 Ra2+ 77. Kf1 Kd3 78. Re5 e3 79. Rxe6 Ra1+ 80. Kg2 e2 81. Rd6+ Kc4 0-1

[Event "24th Klatovy A 2016"]
[Site "Klatovy CZE"]
[Date "2016.07.03"]
[Round "2.40"]
[White "Oz, Ozan"]
[Black "Lacina, Filip"]
[Result "1-0"]
[WhiteElo "1863"]
[BlackElo "1981"]
[PlyCount "57"]
[EventDate "2016.07.02"]
[EventType "swiss"]
[EventRounds "9"]
[EventCountry "CZE"]

1. d4 f5 2. e4 fxe4 3. f3 e3 4. Bxe3 Nf6 5. Nc3 e6 6. Bd3 Nc6 7. a3 Be7 8. Nh3 O-O 9. Qd2 d5 10. f4 a6 11. Ng5 Qe8 12. O-O h6 13. Nf3 Ng4 14. Ne2 Bd7 15. Ng3 Bd6 16. Ne5 Bxe5 17. fxe5 Rxf1+ 18. Rxf1 Nxe3 19. Qxe3 Qe7 20. Rf4 Be8 21. c3 Nb8 22. Qf3 Nd7 23. Bb1 c5 24. h4 cxd4 25. cxd4 Rc8 26. Qf1 Bf7 27. Bh7+ Kxh7 28. Rxf7 Qd8 29. Qd3+ 1-0

[Event "24th Klatovy A 2016"]
[Site "Klatovy CZE"]
[Date "2016.07.03"]
[Round "2.41"]
[White "Spicka, Jan"]
[Black "Holy, Filip"]
[Result "0-1"]
[WhiteElo "1833"]
[BlackElo "1977"]
[PlyCount "54"]
[EventDate "2016.07.02"]
[EventType "swiss"]
[EventRounds "9"]
[EventCountry "CZE"]

1. Nf3 d5 2. g3 Nf6 3. Bg2 c6 4. d3 Bf5 5. O-O h6 6. Nbd2 e6 7. Re1 Bc5 8. b3 Bxf2+ 9. Kh1 Bxe1 10. Qxe1 O-O 11. Bb2 Bh7 12. e3 Nbd7 13. Qe2 Qe7 14. Rf1 a5 15. e4 dxe4 16. dxe4 a4 17. a3 axb3 18. cxb3 Rxa3 19. Bxa3 Qxa3 20. Qc4 Qc5 21. Qd3 Ra8 22. Re1 Ng4 23. Qd4 Qxd4 24. Nxd4 Nde5 25. Kg1 Ra2 26. N2f3 Ne3 27. Rd1 Rxg2+ 0-1

[Event "24th Klatovy A 2016"]
[Site "Klatovy CZE"]
[Date "2016.07.03"]
[Round "2.42"]
[White "Paldus, Jan"]
[Black "Sibl, Vaclav"]
[Result "0-1"]
[WhiteElo "1753"]
[BlackElo "1970"]
[PlyCount "106"]
[EventDate "2016.07.02"]
[EventType "swiss"]
[EventRounds "9"]
[EventCountry "CZE"]

1. e4 d6 2. d4 Nf6 3. Nc3 Nbd7 4. Nf3 e5 5. dxe5 dxe5 6. Bg5 Be7 7. Be2 O-O 8. O-O c6 9. a4 Qc7 10. Qc1 Nc5 11. Bxf6 Bxf6 12. Qe3 Ne6 13. Rfd1 Nd4 14. Rd2 h6 15. h3 Be6 16. Bf1 Rad8 17. Rad1 a5 18. Bd3 Rd7 19. Rb1 Rfd8 20. Ne2 Nxf3+ 21. Qxf3 Rd6 22. Ng3 Qd7 23. Nf5 Bxf5 24. exf5 Rd4 25. Re2 Rxa4 26. Re4 Rxe4 27. Qxe4 Qd4 28. Qxd4 Rxd4 29. f3 Kf8 30. Kf2 a4 31. Ke2 Ke7 32. c3 Rd8 33. Ra1 b5 34. Ra2 Kd6 35. Kd2 Kc5 36. Kc2 Kb6 37. c4 Be7 38. Ra1 Rd4 39. cxb5 cxb5 40. Rd1 b4 41. b3 a3 42. Ra1 Bg5 43. Rd1 Rd7 44. Ra1 Be3 45. Ra2 f6 46. g4 Bd4 47. Kd2 Bb2 48. Ke3 Kc5 49. Bc4 Rd1 50. Ke2 Rh1 51. Ba6 Kd4 52. Bb7 Rxh3 53. Kd2 Rh2+ 0-1

[Event "24th Klatovy A 2016"]
[Site "Klatovy CZE"]
[Date "2016.07.03"]
[Round "2.43"]
[White "Neuman Zakoucka, Adela 1987"]
[Black "Lintner, Felix 1979"]
[Result "1-0"]
[WhiteElo "1969"]
[BlackElo "1826"]
[PlyCount "67"]
[EventDate "2016.07.02"]
[EventType "swiss"]
[EventRounds "9"]
[EventCountry "CZE"]

1. e4 c5 2. Nc3 g6 3. f4 Bg7 4. Nf3 Nc6 5. Bb5 e6 6. Bxc6 bxc6 7. d3 Rb8 8. O-O Ne7 9. Qe1 O-O 10. Na4 d6 11. Rb1 Ba6 12. b3 c4 13. dxc4 Bxc4 14. Rf2 Ba6 15. Ba3 Qc7 16. Rd1 Rfd8 17. Bb4 Nc8 18. Ba5 Nb6 19. c4 c5 20. Rfd2 Bb7 21. Qh4 h6 22. Nc3 Bc6 23. e5 Bxf3 24. gxf3 g5 25. fxg5 Bxe5 26. Rg2 hxg5 27. Rxg5+ Kf8 28. Ne4 Ke8 29. f4 Bd4+ 30. Rxd4 cxd4 31. Nf6+ Ke7 32. Rg7 Rh8 33. Nd5+ Kd7 34. Rxf7+ 1-0

[Event "24th Klatovy A 2016"]
[Site "Klatovy CZE"]
[Date "2016.07.03"]
[Round "2.44"]
[White "Svoboda, Jaroslav2"]
[Black "Van der Hoeven, Gerben"]
[Result "0-1"]
[WhiteElo "1711"]
[BlackElo "1968"]
[PlyCount "68"]
[EventDate "2016.07.02"]
[EventType "swiss"]
[EventRounds "9"]
[EventCountry "CZE"]

1. d4 c5 2. dxc5 e5 3. e4 Bxc5 4. Bd3 d6 5. h3 Ne7 6. Nf3 O-O 7. O-O Nbc6 8. c3 Kh8 9. a4 a5 10. Nbd2 f5 11. exf5 d5 12. Ng5 e4 13. Bb5 Bxf5 14. Nb3 Bb6 15. c4 Ne5 16. c5 Ba7 17. Nd4 Qc8 18. Be3 Bxc5 19. Rc1 b6 20. Qh5 Bg6 21. Qh4 Rf6 22. Qg3 Qb8 23. Nge6 Bd6 24. Nf4 Bf7 25. Qh4 Bc5 26. Nh5 Nf5 27. Nxf5 Rxf5 28. Ng3 Bxe3 29. fxe3 Rxf1+ 30. Rxf1 Bg6 31. Qe7 Nf3+ 32. Kh1 Qxg3 33. gxf3 Qxh3+ 34. Kg1 Qg3+ 0-1

[Event "24th Klatovy A 2016"]
[Site "Klatovy CZE"]
[Date "2016.07.03"]
[Round "2.45"]
[White "Richter, Martin1"]
[Black "Gumustas, Ilgaz"]
[Result "0-1"]
[WhiteElo "1966"]
[BlackElo "1797"]
[PlyCount "54"]
[EventDate "2016.07.02"]
[EventType "swiss"]
[EventRounds "9"]
[EventCountry "CZE"]

1. e4 d6 2. d4 Nf6 3. Nc3 g6 4. Be2 Bg7 5. h4 h5 6. Nf3 c6 7. a4 Bg4 8. Ng5 Bxe2 9. Qxe2 e5 10. Be3 Nbd7 11. O-O-O Qa5 12. dxe5 dxe5 13. Qc4 O-O 14. Rd3 Bh6 15. Rhd1 Nb6 16. Qb3 Ng4 17. Kb1 Nxe3 18. Rxe3 Bxg5 19. hxg5 Rad8 20. Rh1 Rd4 21. Na2 Nc4 22. Qc3 Qxc3 23. Nxc3 Nxe3 24. fxe3 Rd2 25. Rg1 f6 26. g4 h4 27. Rh1 fxg5 0-1

[Event "24th Klatovy A 2016"]
[Site "Klatovy CZE"]
[Date "2016.07.03"]
[Round "2.46"]
[White "Krauskopfova, Lenka 1996"]
[Black "Palla, Rostislav"]
[Result "1-0"]
[WhiteElo "1961"]
[BlackElo "1736"]
[PlyCount "101"]
[EventDate "2016.07.02"]
[EventType "swiss"]
[EventRounds "9"]
[EventCountry "CZE"]

1. c4 e6 2. Nc3 d5 3. d4 Nf6 4. Bg5 Nbd7 5. Nf3 c6 6. a3 Be7 7. e3 O-O 8. Bd3 dxc4 9. Bxc4 Nd5 10. Bxe7 Qxe7 11. O-O Nxc3 12. bxc3 e5 13. Qb3 e4 14. Nd2 b5 15. Be2 Nb6 16. Qb4 Qe6 17. c4 a6 18. Rfc1 Bd7 19. Nb3 Qg6 20. Na5 Rfc8 21. Rab1 Bh3 22. Bf1 Be6 23. Qc5 Na4 24. Qd6 Bg4 25. Qxg6 hxg6 26. Nb7 Re8 27. h3 Bd7 28. Nd6 Re6 29. Nb7 Rb8 30. Na5 Nb6 31. Nb3 Re7 32. Nc5 Ra8 33. a4 Nxa4 34. Nxa4 bxa4 35. c5 Be6 36. Rb6 Bd5 37. Ra1 Bb3 38. Rxc6 Rb7 39. Rxa6 Rxa6 40. Bxa6 Ra7 41. Bb5 a3 42. Bc6 f5 43. d5 Kf8 44. d6 a2 45. Bb5 Rb7 46. Ba6 Rb8 47. c6 Be6 48. Kh2 Rb1 49. Rxa2 Bxa2 50. d7 Ke7 51. c7 1-0

[Event "24th Klatovy A 2016"]
[Site "Klatovy CZE"]
[Date "2016.07.04"]
[Round "3.1"]
[White "Bartos, Jan"]
[Black "Neuman, Petr"]
[Result "1/2-1/2"]
[WhiteElo "2180"]
[BlackElo "2446"]
[PlyCount "134"]
[EventDate "2016.07.02"]
[EventType "swiss"]
[EventRounds "9"]
[EventCountry "CZE"]

1. d4 d6 2. e4 Nf6 3. Nc3 e5 4. dxe5 dxe5 5. Qxd8+ Kxd8 6. Bg5 c6 7. O-O-O+ Ke8 8. Nf3 Nbd7 9. Bc4 Bb4 10. Bh4 Ba5 11. a3 h6 12. b4 Bc7 13. Rd2 Ke7 14. Rhd1 Nb6 15. Bb3 Be6 16. Ne1 Rad8 17. Rxd8 Rxd8 18. Rxd8 Bxd8 19. Nd3 Nbd7 20. f3 Bb6 21. Kd2 Bg1 22. h3 Bxb3 23. cxb3 b5 24. Ne2 Bb6 25. Bf2 Bxf2 26. Nxf2 Ne8 27. Nd3 Kd6 28. Ke3 g6 29. g3 Ng7 30. Nb2 f6 31. Nd3 f5 32. Nb2 Nf6 33. Nd3 Nd7 34. Nb2 Nf6 35. Nd3 fxe4 36. fxe4 Ne6 37. Nf2 h5 38. h4 Nd8 39. Kd3 Nb7 40. Nc3 a6 41. Ke3 a5 42. Kd3 axb4 43. axb4 Nd8 44. Ne2 Ne6 45. Kc3 Nc7 46. Nc1 Ne6 47. Ne2 Kd7 48. Kd3 c5 49. Ke3 cxb4 50. Nc1 Kd6 51. Kd3 Nc5+ 52. Ke3 Ng4+ 53. Nxg4 hxg4 54. Nd3 Nxb3 55. Nxb4 Nd4 56. Nd3 Ke6 57. Nf2 b4 58. Kd3 b3 59. Kc3 Ne2+ 60. Kxb3 Nxg3 61. Kc4 Nf1 62. Nxg4 Nd2+ 63. Kd3 Nf3 64. Ke3 Nxh4 65. Kf2 g5 66. Kg3 Ng6 67. Ne3 Nh8 1/2-1/2

[Event "24th Klatovy A 2016"]
[Site "Klatovy CZE"]
[Date "2016.07.04"]
[Round "3.2"]
[White "Hausner, Ivan"]
[Black "Kopta, Pavel"]
[Result "1/2-1/2"]
[WhiteElo "2345"]
[BlackElo "2235"]
[PlyCount "120"]
[EventDate "2016.07.02"]
[EventType "swiss"]
[EventRounds "9"]
[EventCountry "CZE"]

1. d4 Nf6 2. c4 g6 3. Nc3 Bg7 4. e4 d6 5. f4 O-O 6. Nf3 c5 7. d5 e6 8. dxe6 fxe6 9. Bd3 Nc6 10. O-O Nd4 11. Ng5 e5 12. f5 gxf5 13. exf5 h6 14. Nge4 Nxe4 15. Bxe4 Bxf5 16. Rxf5 Nxf5 17. Qg4 Qh4 18. Qxh4 Nxh4 19. Nd5 Rae8 20. Ne3 h5 21. g3 Nf3+ 22. Kg2 Ng5 23. Bd5+ Kh8 24. h4 Ne6 25. Bf3 Rxf3 26. Kxf3 Rf8+ 27. Ke4 Nd4 28. Bd2 Rf2 29. Bc3 Kh7 30. Rf1 Rxf1 31. Nxf1 Kg6 32. Ne3 Bh6 33. Bxd4 exd4 34. Nd5 Bg7 35. Nf4+ Kh6 36. Nd3 Be5 37. Kf3 Kg6 38. g4 hxg4+ 39. Kxg4 a6 40. a4 Bh2 41. h5+ Kf6 42. b4 b6 43. Kf3 d5 44. cxd5 c4 45. Nf2 Kf5 46. h6 Be5 47. h7 c3 48. Ke2 Bg7 49. Kd3 Ke5 50. Ne4 Kxd5 51. Ng5 a5 52. bxa5 bxa5 53. Nf7 Kc5 54. h8=Q Bxh8 55. Nxh8 Kb4 56. Ng6 Kxa4 57. Ne5 Kb3 58. Nc6 Kb2 59. Nxa5 c2 60. Nc4+ Kb3 1/2-1/2

[Event "24th Klatovy A 2016"]
[Site "Klatovy CZE"]
[Date "2016.07.04"]
[Round "3.3"]
[White "Vorisek, Jaroslav"]
[Black "Miesbauer, Jan"]
[Result "1-0"]
[WhiteElo "2171"]
[BlackElo "2321"]
[PlyCount "77"]
[EventDate "2016.07.02"]
[EventType "swiss"]
[EventRounds "9"]
[EventCountry "CZE"]

1. d4 Nf6 2. c4 g6 3. Nc3 Bg7 4. e4 d6 5. Be2 O-O 6. Bg5 c5 7. d5 e6 8. Nf3 exd5 9. cxd5 Nbd7 10. Nd2 a6 11. a4 Re8 12. f4 Qc7 13. O-O Rb8 14. Kh1 c4 15. Bxc4 Nc5 16. Rc1 Qb6 17. Qc2 Bd7 18. Bd3 Qb4 19. Nc4 Nb3 20. Nxd6 Nd4 21. Qb1 Rf8 22. e5 Ng4 23. Rce1 f6 24. exf6 Nxf6 25. Nde4 Nxe4 26. Rxe4 Rbe8 27. Rfe1 Rxe4 28. Rxe4 Qb3 29. Re7 Bf5 30. h3 Rc8 31. d6 Bf8 32. d7 Rd8 33. Rxh7 Kxh7 34. Bxd8 Qe6 35. Bxf5 Nxf5 36. Qd3 Bd6 37. Nd5 Bc5 38. Ba5 Qxd5 39. d8=Q 1-0

[Event "24th Klatovy A 2016"]
[Site "Klatovy CZE"]
[Date "2016.07.04"]
[Round "3.4"]
[White "Jurek, Josef"]
[Black "Hurdzan, Tomas"]
[Result "1/2-1/2"]
[WhiteElo "2296"]
[BlackElo "2208"]
[PlyCount "47"]
[EventDate "2016.07.02"]
[EventType "swiss"]
[EventRounds "9"]
[EventCountry "CZE"]

1. Nf3 Nf6 2. c4 g6 3. d4 Bg7 4. g3 O-O 5. Bg2 d6 6. Nc3 Nc6 7. O-O Bg4 8. d5 Na5 9. Nd2 c5 10. h3 Bd7 11. Qc2 a6 12. b3 b5 13. Bb2 Rb8 14. Rad1 Qc7 15. Ba1 bxc4 16. bxc4 Rb4 17. a3 Rb7 18. Rb1 Rfb8 19. Rxb7 Rxb7 20. Rb1 Qb8 21. Rxb7 Qxb7 22. Nd1 Qb6 23. Bc3 Ne8 24. Bxg7 1/2-1/2

[Event "24th Klatovy A 2016"]
[Site "Klatovy CZE"]
[Date "2016.07.04"]
[Round "3.6"]
[White "Vyprachticky, David"]
[Black "Ratsma, Midas"]
[Result "1/2-1/2"]
[WhiteElo "2246"]
[BlackElo "2171"]
[PlyCount "118"]
[EventDate "2016.07.02"]
[EventType "swiss"]
[EventRounds "9"]
[EventCountry "CZE"]

1. d4 Nf6 2. c4 c5 3. d5 b5 4. cxb5 a6 5. bxa6 g6 6. Nc3 Bg7 7. e4 O-O 8. Nf3 Qa5 9. Bd3 Nxd5 10. exd5 Bxc3+ 11. Bd2 Bxd2+ 12. Qxd2 Qxd2+ 13. Kxd2 Nxa6 14. Kc3 Nb4 15. Bc4 Bb7 16. Rhd1 e6 17. dxe6 dxe6 18. Ne1 Nd5+ 19. Kc2 Rfb8 20. b3 Nb6 21. Be2 Bd5 22. Bf3 c4 23. Bxd5 exd5 24. Nf3 Rc8 25. b4 Ra3 26. Nd4 Rca8 27. Kb2 c3+ 28. Kb1 Nc4 29. Nb3 Nb6 30. Kc2 Rxa2+ 31. Kxc3 Na4+ 32. Kd4 Rxf2 33. Nc5 Rf4+ 34. Ke3 Rxb4 35. Rxa4 Raxa4 36. Nxa4 Rxa4 37. Rxd5 h6 38. Kf3 Kg7 39. Rd6 g5 40. Rb6 Rf4+ 41. Kg3 f6 42. Ra6 Kg6 43. Ra8 Kh5 44. Rf8 Rf1 45. h3 f5 46. Rf6 f4+ 47. Kh2 Rf2 48. Kg1 Ra2 49. Kh2 Rb2 50. Rf7 Kh4 51. Rf6 h5 52. Rf5 Ra2 53. Rf7 Rf2 54. Rf8 Rf1 55. Rh8 Ra1 56. Rf8 Ra4 57. Rf7 g4 58. Rxf4 Rxf4 59. g3+ Kg5 1/2-1/2

[Event "24th Klatovy A 2016"]
[Site "Klatovy CZE"]
[Date "2016.07.04"]
[Round "3.7"]
[White "Turner, Jan"]
[Black "Slovak, Kilian"]
[Result "1-0"]
[WhiteElo "2387"]
[BlackElo "2108"]
[PlyCount "101"]
[EventDate "2016.07.02"]
[EventType "swiss"]
[EventRounds "9"]
[EventCountry "CZE"]

1. b3 e5 2. Bb2 Nc6 3. e3 Nf6 4. Bb5 Bd6 5. Na3 Na5 6. Be2 Be7 7. Nc4 Nxc4 8. bxc4 e4 9. f3 exf3 10. Nxf3 O-O 11. O-O b6 12. Bd3 d5 13. Nd4 Bg4 14. Qe1 Bd7 15. cxd5 Nxd5 16. Be4 c6 17. c4 Nf6 18. Bxc6 Rc8 19. Bxd7 Nxd7 20. Qe2 Bf6 21. Rac1 Re8 22. Ba1 Nc5 23. Nb3 Bxa1 24. Nxa1 Qd3 25. Qxd3 Nxd3 26. Rc3 Red8 27. Nb3 Ne5 28. Rf4 f6 29. Kf1 Kf7 30. Ke2 Rd7 31. c5 bxc5 32. Nxc5 Rdc7 33. Na4 Rxc3 34. Nxc3 Ke6 35. Ra4 Rc7 36. Nb5 Rb7 37. Ra6+ Kd5 38. a4 Nc6 39. d4 Rb6 40. Rxb6 axb6 41. Nc7+ Kc4 42. Na8 b5 43. axb5 Kxb5 44. Nc7+ Kc4 45. Ne8 Kd5 46. Nxg7 Ne7 47. Nh5 Ke6 48. Nf4+ Kd6 49. Kf3 f5 50. g4 fxg4+ 51. Kxg4 1-0

[Event "24th Klatovy A 2016"]
[Site "Klatovy CZE"]
[Date "2016.07.04"]
[Round "3.8"]
[White "Vanek, Petr"]
[Black "Kovar, Vojtech"]
[Result "1/2-1/2"]
[WhiteElo "2112"]
[BlackElo "2358"]
[PlyCount "50"]
[EventDate "2016.07.02"]
[EventType "swiss"]
[EventRounds "9"]
[EventCountry "CZE"]

1. e4 e5 2. Nf3 Nc6 3. Bb5 a6 4. Ba4 Nf6 5. O-O Be7 6. Qe2 b5 7. Bb3 d6 8. c3 O-O 9. d4 Bg4 10. Rd1 exd4 11. cxd4 d5 12. e5 Ne4 13. Nc3 Nxc3 14. bxc3 Na5 15. Bc2 Qd7 16. Re1 Nc4 17. Bf4 Rab8 18. h3 Bf5 19. Bb3 Rb6 20. Bg3 Ba3 21. Nh4 Bb2 22. Nxf5 Qxf5 23. Bc2 Qg5 24. Rad1 Rc6 25. Bb1 Qh6 1/2-1/2

[Event "24th Klatovy A 2016"]
[Site "Klatovy CZE"]
[Date "2016.07.04"]
[Round "3.9"]
[White "Dolansky, Lukas"]
[Black "Vedral, Oldrich"]
[Result "1-0"]
[WhiteElo "2102"]
[BlackElo "2289"]
[PlyCount "67"]
[EventDate "2016.07.02"]
[EventType "swiss"]
[EventRounds "9"]
[EventCountry "CZE"]

1. e4 c5 2. Nf3 e6 3. d3 d5 4. Nbd2 Nc6 5. g3 g6 6. Bg2 Bg7 7. O-O Nge7 8. Re1 b6 9. c3 a5 10. Nf1 O-O 11. e5 h6 12. h4 Ra7 13. N1h2 Kh7 14. Bf4 Ba6 15. Bh3 d4 16. c4 b5 17. b3 a4 18. Ng4 Ng8 19. Nd2 h5 20. Nh2 axb3 21. axb3 bxc4 22. bxc4 Qc7 23. Nhf3 Kh8 24. g4 hxg4 25. Bxg4 Bb7 26. Rxa7 Nxa7 27. Ne4 f5 28. exf6 Qxf4 29. fxg7+ Kxg7 30. Nfg5 Bc8 31. Bxe6 Qxh4 32. Qa4 Rxf2 33. Qxa7+ Kh8 34. Nxf2 1-0

[Event "24th Klatovy A 2016"]
[Site "Klatovy CZE"]
[Date "2016.07.04"]
[Round "3.10"]
[White "Novotny, Michal"]
[Black "Gschwendtner, Stanislav"]
[Result "1-0"]
[WhiteElo "2283"]
[BlackElo "2058"]
[PlyCount "42"]
[EventDate "2016.07.02"]
[EventType "swiss"]
[EventRounds "9"]
[EventCountry "CZE"]

1. d4 Nf6 2. Nf3 g6 3. Nc3 d5 4. Bf4 Bg7 5. e3 O-O 6. Be2 h6 7. h4 c5 8. Ne5 Nc6 9. h5 g5 10. Bxg5 Nxe5 11. dxe5 d4 12. exd4 cxd4 13. exf6 exf6 14. Bd2 Re8 15. O-O f5 16. Nb1 f4 17. Bd3 Qh4 18. Qf3 Bg4 19. Qxf4 Be5 20. g3 Qh3 21. Qxh6 f5 1-0

[Event "24th Klatovy A 2016"]
[Site "Klatovy CZE"]
[Date "2016.07.04"]
[Round "3.11"]
[White "Formanek, Martin"]
[Black "Zeman, Matyas"]
[Result "1/2-1/2"]
[WhiteElo "2227"]
[BlackElo "2056"]
[PlyCount "103"]
[EventDate "2016.07.02"]
[EventType "swiss"]
[EventRounds "9"]
[EventCountry "CZE"]

1. Nf3 Nf6 2. g3 d5 3. Bg2 Bf5 4. c4 c6 5. Qb3 Qb6 6. d3 dxc4 7. Qxc4 e6 8. O-O Be7 9. Nbd2 O-O 10. Rb1 Qa6 11. b4 Qxc4 12. Nxc4 Nbd7 13. Bd2 Rac8 14. Rfc1 b6 15. Nd4 Nb8 16. Ne5 c5 17. Nec6 Nxc6 18. Nxc6 Bd6 19. Nxa7 Rcd8 20. Nb5 Be7 21. a4 e5 22. bxc5 Bxc5 23. Bb4 Bxb4 24. Rxb4 Rc8 25. Rbc4 Be6 26. Rxc8 Rxc8 27. Rxc8+ Bxc8 28. f4 exf4 29. gxf4 Kf8 30. Nc3 Ke7 31. Bf3 Kd6 32. d4 Bg4 33. Kf2 Bxf3 34. Kxf3 Nd5 35. Nb5+ Kc6 36. e4 Nb4 37. d5+ Kc5 38. d6 Nc6 39. e5 Kd5 40. Nc7+ Kd4 41. d7 Nd8 42. h4 h5 43. Ne8 g6 44. Nd6 Kd5 45. Ke3 Ke6 46. Nc4 Kxd7 47. Nxb6+ Kc6 48. Nc4 Kd5 49. Kd3 Ne6 50. Ne3+ Kc6 51. f5 Nc5+ 52. Kd4 1/2-1/2

[Event "24th Klatovy A 2016"]
[Site "Klatovy CZE"]
[Date "2016.07.04"]
[Round "3.12"]
[White "Drahorad, Daniel"]
[Black "Toman, Ondrej"]
[Result "0-1"]
[WhiteElo "1970"]
[BlackElo "2197"]
[PlyCount "84"]
[EventDate "2016.07.02"]
[EventType "swiss"]
[EventRounds "9"]
[EventCountry "CZE"]

1. e4 c6 2. d4 d5 3. e5 Bf5 4. Be3 e6 5. Nd2 Nd7 6. Ngf3 f6 7. Be2 Ne7 8. exf6 gxf6 9. Nh4 Bg6 10. O-O Qc7 11. c3 O-O-O 12. b4 Nf5 13. Nxf5 Bxf5 14. a4 Rg8 15. Kh1 Bd6 16. f4 Nb8 17. b5 Qg7 18. Rf2 Bg4 19. Nb3 Bxe2 20. Qxe2 Qg4 21. Qd3 Rg6 22. Na5 Rh6 23. bxc6 bxc6 24. Rb1 Kd7 25. Rb7+ Bc7 26. Rxa7 Qg3 27. h3 Rg8 28. Qf1 Qxe3 29. c4 Qxd4 30. Rb7 Qc5 31. cxd5 Qxa5 32. dxe6+ Kc8 33. Rb1 Qd5 34. Rf3 Qxe6 35. Rfb3 Qd6 36. Qc4 Re8 37. Qf7 Qe7 38. Qc4 f5 39. Rxb8+ Bxb8 40. Qa6+ Kd7 41. Rxb8 Rxh3+ 42. gxh3 Qe1+ 0-1

[Event "24th Klatovy A 2016"]
[Site "Klatovy CZE"]
[Date "2016.07.04"]
[Round "3.13"]
[White "Palek, Miroslav"]
[Black "Van Kempen, Roderick"]
[Result "1-0"]
[WhiteElo "2187"]
[BlackElo "2042"]
[PlyCount "83"]
[EventDate "2016.07.02"]
[EventType "swiss"]
[EventRounds "9"]
[EventCountry "CZE"]

1. Nf3 e6 2. d4 b6 3. g3 Nf6 4. Bg2 Bb7 5. O-O Be7 6. c4 O-O 7. Nc3 d5 8. Ne5 Qc8 9. cxd5 Nxd5 10. e4 Nxc3 11. bxc3 Nd7 12. f4 Nf6 13. Re1 Rd8 14. Qb3 c5 15. Bb2 Bf8 16. f5 Re8 17. g4 c4 18. Qa4 a6 19. fxe6 Qxe6 20. Qxc4 Qxc4 21. Nxc4 Bxe4 22. Bxe4 Nxe4 23. Nxb6 Rab8 24. Nc4 Rbc8 25. Na5 Nd2 26. Kf2 Ne4+ 27. Kg2 Nf6 28. Kf3 Nd5 29. Rxe8 Rxe8 30. c4 Re3+ 31. Kf2 Rh3 32. cxd5 Rxh2+ 33. Kf3 Rxb2 34. d6 Rb6 35. Nc4 Rb7 36. Ke4 f6 37. Kd5 Kf7 38. a3 Ke8 39. Kc6 Rd7 40. Re1+ Kd8 41. Rb1 h5 42. Rb8# 1-0